| 000 | 00681nam a2200205Ia 4500 | ||
|---|---|---|---|
| 008 | 0000001987 usa 0000000000eng00 | ||
| 090 | _aPUS0 A42a | ||
| 100 | 1 | _aAlford | |
| 245 | 1 | 0 |
_aAlford _b: oils on canvas, woodcuts 1983-1987 |
| 300 |
_a[36] p. _c/ 22 cm. |
||
| 500 | _aCon el patronazgo del maestro venezolano Jesús Rafael Soto (q.e.p.d.) | ||
| 600 | 0 | 0 |
_aALFORD/ _xTRABAJOS PICTORICOS |
| 650 | 1 | 4 | _aARTE CONTEMPORANEO ESTADOUNIDENSE |
| 650 | 1 | 4 | _xCATALOGOS |
| 650 | 1 | 4 | _aDIBUJOS ESTADOUNIDENSES |
| 650 | 1 | 4 | _xEXPOSICIONES |
| 650 | 1 | 4 | _aPINTORES ESTADOUNIDENSES |
| 650 | 1 | 4 | _aPINTURA ESTADOUNIDENSE |
| 999 |
_c6572 _d6572 |
||
| 260 |
_aCambridge : Anna Thiel Gallery _c1987 |
||